Moore Of Venice (Record no. 15440)

MARC details
000 -LEADER
fixed length control field 00423nam a2200133Ia 4500
008 - FIXED-LENGTH DATA ELEMENTS--GENERAL INFORMATION
fixed length control field 211109s9999||||xx |||||||||||||| ||und||
082 ## - DEWEY DECIMAL CLASSIFICATION NUMBER
Classification number 361.42
Item number FAT-M
100 ## - MAIN ENTRY--PERSONAL NAME
Personal name Fatter [richard],
245 #0 - TITLE STATEMENT
Title Moore Of Venice
260 ## - PUBLICATION, DISTRIBUTION, ETC.
Name of publisher, distributor, etc. Un Known
Place of publication, distribution, etc. London
Date of publication, distribution, etc. 1959
630 ## - SUBJECT ADDED ENTRY--UNIFORM TITLE
General subdivision General Stack
650 ## - SUBJECT ADDED ENTRY--TOPICAL TERM
Topical term or geographic name entry element social science
942 ## - ADDED ENTRY ELEMENTS (KOHA)
Koha item type BOOK
650 ## - SUBJECT ADDED ENTRY--TOPICAL TERM
Form subdivision Social problems & services; associationsSocial problems & social welfare in general
General subdivision Generalia
Holdings
Withdrawn status Lost status Damaged status Not for loan Home library Current library Date acquired Total Checkouts Full call number Barcode Shelving location Date last seen Price effective from Koha item type
        SB LIBRARY SB LIBRARY 09/11/2021   361.42 FAT-M 00016048 GENERAL STACK 09/11/2021 09/11/2021 BOOK

Powered by Koha